000 02669cam a2200481 i 4500
001 200468160
003 TR-AnTOB
005 20260416164001.0
007 ta
008 260416t19641964ctu 000 f eng
010 _a 64020284
016 _a(AMICUS)000009766693
035 _a(CLU)581429-ucladb-Voyager
035 _a(OCoLC)00333347
_z(OCoLC)610052519
_z(OCoLC)1222887163
035 _a(OCoLC)ocm00333347
035 _a(EXLNZ-01UCS_NETWORK)9912948696106531
035 _a(TR-AnTOB)200468160
040 _aDLC
_beng
_erda
_cDLC
_dCCL
_dEL$
_dBTCTA
_dMTG
_dUPM
_dTXJ
_dZWZ
_dT7B
_dWSDBL
_dGBVCP
_dOCLCF
_dOCLCQ
_dOCLCO
_dOCLCQ
_dNLC
_dOCLCQ
_dPAU
_dOCLCQ
_dOCL
_dYBM
_dOCLCO
_dOCL
_dOCLCO
_dHIR
_dOCLCO
_dTXKIP
_dOCLCO
_dOCL
_dOCLCA
_dOCLCO
_dOCLCL
_dOCLCQ
_dTR-AnTOB
041 0 _aeng
042 _apremarc
043 _an-us---
050 0 4 _aPS3552.E719
_bL5 1964
090 _aPS3552.E719
_bL5 1964
100 1 _aBerger, Thomas,
_d1924-2014
_eauthor
_4aut
_0http://id.loc.gov/authorities/names/n79109066
_9153744
245 1 0 _aLittle big man /
_cThomas Berger.
264 1 _aGreenwich, Conn. :
_bFawcett Publications,
_c1964.
264 4 _c©1964
300 _a447 pages ;
_c18 cm
336 _atext
_btxt
_2rdacontent
337 _aunmediated
_bn
_2rdamedia
338 _avolume
_bnc
_2rdacarrier
505 0 _aTerrible mistake -- Boiled dog -- I make an enemy -- Pronghorn slaughter -- My education as a human being -- New name -- We take on the cavalry -- Adopted again -- Sin -- Through the shutter -- Hopeless -- Going for gold -- Cheyenne homecoming -- We get jumped -- Union Pacific -- My Indian wife -- In the valley of the Washita -- Big medicine of Long Hair -- To the Pacific and back -- Wild Bill Hickok -- My niece Amelia -- Bunco and Buffalo -- Amelia makes good -- Caroline -- Custer again -- Trailing the hostiles -- Greasy grass -- Last stand -- Victory -- End.
520 _aFictional reminiscences of an 111-year-old man telling of his checkered career as plainsman, Indian scout, and squaw man and of his colorful acquaintances.
650 0 _aCheyenne Indians
_vFiction
_9153745
655 7 _aPicaresque fiction
_2lcgft
_0http://id.loc.gov/authorities/genreForms/gf2014026479
_9153746
655 7 _aWestern fiction
_2lcgft
_0http://id.loc.gov/authorities/genreForms/gf2014026594
_9153747
655 7 _aHistorical fiction
_2lcgft
_0https://id.loc.gov/authorities/genreForms/gf2014026370
_95021
655 7 _aFiction
_2lcgft
_0https://id.loc.gov/authorities/genreForms/gf2014026339
_9151487
655 7 _aNovels
_2lcgft
_0http://id.loc.gov/authorities/genreForms/gf2015026020
_9153321
942 _2lcc
_cBK
999 _c200468160
_d86372